MARC details
| 000 -CABECERA |
| campo de control de longitud fija |
02234nam a2200229 a 4500 |
| 001 - NÚMERO DE CONTROL |
| campo de control |
000046433 |
| 003 - IDENTIFICADOR DEL NÚMERO DE CONTROL |
| campo de control |
DO-SdBNP |
| 005 - FECHA Y HORA DE LA ÚLTIMA TRANSACCIÓN |
| campo de control |
20210913124207.0 |
| 008 - DATOS DE LONGITUD FIJA--INFORMACIÓN GENERAL |
| campo de control de longitud fija |
150812s1995 mx a 000 0 spa d |
| 020 ## - NÚMERO INTERNACIONAL ESTÁNDAR DEL LIBRO |
| Número Internacional Estándar del Libro |
9683645712 |
| 040 ## - FUENTE DE LA CATALOGACIÓN |
| Centro catalogador/agencia de origen |
DO-SdBNP |
| Lengua de catalogación |
spa |
| Centro/agencia transcriptor |
BNPHU |
| 082 ## - NÚMERO DE LA CLASIFICACIÓN DECIMAL DEWEY |
| Número de clasificación |
xxxx |
| Número de documento/Ítem |
xxxx |
| 110 2# - ENTRADA PRINCIPAL--NOMBRE DE ENTIDAD CORPORATIVA |
| Nombre de entidad corporativa o nombre de jurisdicción como elemento de entrada |
Asociación de Bibliotecas Nacionales de Iberoamerica |
| 9 (RLIN) |
6156 |
| 245 10 - MENCIÓN DE TÍTULO |
| Título |
Historia de las bibliotecas nacionales de iberoamérica : |
| Resto del título |
pasado y presente / |
| Mención de responsabilidad, etc. |
Coordinación ; José G. Moreno de Alba y Elsa M. Ramírez Leyva. |
| 250 ## - MENCIÓN DE EDICIÓN |
| Mención de edición |
2ª ed. |
| 260 ## - PUBLICACIÓN, DISTRIBUCIÓN, ETC. |
| Lugar de publicación, distribución, etc. |
México D. F. : |
| Nombre del editor, distribuidor, etc. |
Universidad Nacional Autónoma de México, |
| Fecha de publicación, distribución, etc. |
1995. |
| 300 ## - DESCRIPCIÓN FÍSICA |
| Extensión |
xxiv, 621 p. : |
| Otras características físicas |
il. ; |
| Dimensiones |
24 cm. |
| 505 0# - NOTA DE CONTENIDO CON FORMATO |
| Nota de contenido con formato |
Biblioteca Nacional de Argentina / |
| Mención de responsabilidad |
Hugo Acevedo -- |
| Título |
Biblioteca Nacional de Bolivia / |
| Mención de responsabilidad |
René Arze Aguirre -- |
| Título |
Biblioteca Nacional de Brasil / |
| Mención de responsabilidad |
Gilberto Villar de Carvalho -- |
| Título |
Biblioteca Nacional de Colombia / |
| Mención de responsabilidad |
Álvaro Rodríguez Torres -- |
| Título |
Biblioteca Nacional de Costa Rica / |
| Mención de responsabilidad |
Rosario Solano Murillo -- |
| Título |
Biblioteca Nacional de Cuba / |
| Mención de responsabilidad |
Araceli García Carranza y Xonia Jiménez López -- |
| Título |
Biblioteca Nacional de Chile / |
| Mención de responsabilidad |
Gonzalo Catalán B. Bernardo Jorquera -- |
| Título |
Biblioteca Nacional de El Salvador / |
| Mención de responsabilidad |
Mélida Arteaga -- |
| Título |
Biblioteca Nacional de España / |
| Mención de responsabilidad |
Luis García Ejarque -- |
| Título |
Biblioteca Nacional de Guatemala / |
| Mención de responsabilidad |
Víctor Castillo López -- |
| Título |
Biblioteca Nacional de Honduras / |
| Mención de responsabilidad |
Carlos Wilfredo Maldonado -- |
| Título |
Biblioteca Nacional de México / |
| Mención de responsabilidad |
Ignacio Osorio Romero y Boris Berenzon Gorn -- |
| Título |
Biblioteca Nacional de Nicaragua / |
| Mención de responsabilidad |
Fidel Coloma González -- |
| Título |
Biblioteca Nacional de Panamá / |
| Mención de responsabilidad |
Francisco Javier Solís -- |
| Título |
Biblioteca Nacional del Paraguay / |
| Mención de responsabilidad |
Modesta Goyburú y Ma. Elena Torres Sánchez -- |
| Título |
Biblioteca Nacional del Perú / |
| Mención de responsabilidad |
Gradys Padró Montezuma y José Tamayo Herrero / |
| Título |
Biblioteca Nacional de Portugal / |
| Mención de responsabilidad |
Manuela D. Domingos -- |
| Título |
Biblioteca Nacional de Puerto Rico / |
| Mención de responsabilidad |
Haydeé Muñoz Solá -- |
| Título |
Biblioteca Nacional de la República Dominicana / |
| Mención de responsabilidad |
Diógenes Valdez -- |
| Título |
Biblioteca Nacional del Uruguay / |
| Mención de responsabilidad |
Mabel Batto Ochoteco, Alicia Fernández -- |
| Título |
Biblioteca Nacional de Venezuela / |
| Mención de responsabilidad |
Lourdes Fierro Bustillos |
| 700 12 - PUNTO DE ACCESO ADICIONAL--NOMBRE DE PERSONA |
| Nombre de persona |
Ramírez Leyva, Elsa M., |
| Término indicativo de función/relación |
coord. |
| 9 (RLIN) |
74448 |
| 700 12 - PUNTO DE ACCESO ADICIONAL--NOMBRE DE PERSONA |
| Nombre de persona |
Moreno de Alba, José C., |
| Término indicativo de función/relación |
coord. |
| 9 (RLIN) |
74449 |
| 942 ## - ELEMENTOS DE PUNTO DE ACCESO ADICIONAL (KOHA) |
| Fuente del sistema de clasificación o colocación |
Dewey Decimal Classification |
| Tipo de ítem Koha |
Libro |